[Event "Bayern-chI Bank Hofmann 24th"]
[Site "Tegernsee"]
[Date "2021.11.04"]
[Round "6"]
[White "Sandipan, Chanda"]
[Black "Duzy, Stefan"]
[Result "1-0"]
[WhiteElo "2543"]
[BlackElo "1903"]
[PlyCount "41"]
[EventDate "2021.10.30"]
[EventType "swiss"]
[EventRounds "9"]
[EventCountry "GER"]
[SourceTitle "CBM 205 Extra"]
[Source "ChessBase"]
[SourceDate "2022.01.31"]
[SourceVersion "1"]
[SourceVersionDate "2022.01.31"]
[SourceQuality "1"]

1. d4 f5 2. g3 Nf6 3. Bg2 e6 4. c4 c6 5. Nh3 d6 6. Nc3 Be7 7. 0-0 0-0 8. e4 e5 9. d5 Nxe4 10. Nxe4 fxe4 11. Bxe4 Qe8 12. Bg2 c5 13. f4 Bf6 14. Nf2 Nd7 15. Ne4 Be7 16. b3 exf4 17. Bxf4 Nf6 18. Nxd6 Bxd6 19. Bxd6 Qe3+ 20. Kh1 Bg4 21. Qc1 1-0

[Event "Marianske Lazne op"]
[Site "Marianske Lazne"]
[Date "2020.01.20"]
[Round "3"]
[White "Duzy, Stefan"]
[Black "Shevtsova, Stefania"]
[Result "1-0"]
[WhiteElo "1931"]
[BlackElo "1640"]
[PlyCount "63"]
[EventDate "2020.01.18"]
[EventType "swiss"]
[EventRounds "9"]
[EventCountry "CZE"]
[SourceTitle "EXT 2021"]
[Source "ChessBase"]
[SourceDate "2020.10.23"]
[SourceVersion "1"]
[SourceVersionDate "2020.10.23"]
[SourceQuality "1"]

1. d4 d5 2. c4 c6 3. Nf3 Nf6 4. Qb3 g6 5. Nc3 Bg7 6. Bf4 e6 7. e3 Nh5 8. Bg5 f6 9. Bh4 g5 10. g4 gxh4 11. gxh5 Na6 12. 0-0-0 Qb6 13. Qxb6 axb6 14. Na4 Ke7 15. Nxb6 Rb8 16. Rg1 Bh6 17. Nxh4 Bd7 18. cxd5 exd5 19. Nxd7 Kxd7 20. Nf5 Bf8 21. Bd3 Nb4 22. Bb1 Ke6 23. a3 Na6 24. Rg4 Rd8 25. Rdg1 Kf7 26. Bd3 Nc7 27. Rg7+ Bxg7 28. Rxg7+ Kf8 29. Rxc7 Rb8 30. Ng7 b6 31. Ne6+ Ke8 32. Bxh7 1-0

[Event "Marianske Lazne op"]
[Site "Marianske Lazne"]
[Date "2020.01.19"]
[Round "2"]
[White "Laxman, Rajaram"]
[Black "Duzy, Stefan"]
[Result "1-0"]
[WhiteElo "2441"]
[BlackElo "1931"]
[PlyCount "48"]
[EventDate "2020.01.18"]
[EventType "swiss"]
[EventRounds "9"]
[EventCountry "CZE"]
[SourceTitle "EXT 2021"]
[Source "ChessBase"]
[SourceDate "2020.10.23"]
[SourceVersion "1"]
[SourceVersionDate "2020.10.23"]
[SourceQuality "1"]

1. Nf3 e6 2. d4 Nf6 3. c4 Bb4+ 4. Bd2 c5 5. Bxb4 cxb4 6. e3 a5 7. a3 Na6 8. Be2 0-0 9. 0-0 b6 10. Nbd2 Bb7 11. Ne1 d6 12. Nd3 bxa3 13. bxa3 Qc7 14. Bf3 Bxf3 15. Qxf3 b5 16. cxb5 Qc2 17. Ne4 Nxe4 18. Qxe4 d5 19. Qf4 Qxd3 20. bxa6 Qxa6 21. h4 Rab8 22. Rfe1 Rfc8 23. a4 Rb4 24. Rec1 Rbc4 1-0

[Event "Plzen op 10th"]
[Site "Plzen"]
[Date "2018.11.22"]
[Round "5"]
[White "Prachar, Josef"]
[Black "Duzy, Stefan"]
[Result "1/2-1/2"]
[WhiteElo "1831"]
[BlackElo "2024"]
[PlyCount "50"]
[EventDate "2018.11.18"]
[EventType "swiss"]
[EventRounds "9"]
[EventCountry "CZE"]
[SourceTitle "CBM 189 Extra"]
[Source "ChessBase"]
[SourceDate "2019.06.03"]
[SourceVersion "1"]
[SourceVersionDate "2019.06.03"]
[SourceQuality "1"]

1. d4 e6 2. e4 d5 3. exd5 exd5 4. Nf3 Nf6 5. Bd3 Be7 6. 0-0 0-0 7. h3 c5 8. c3 Nc6 9. Bf4 cxd4 10. Nxd4 Nxd4 11. cxd4 Bd7 12. Nc3 Bc6 13. Re1 Re8 14. Qd2 Rc8 15. a3 Qb6 16. b4 a6 17. Bf5 Rcd8 18. Rad1 g6 19. Be5 Nh5 20. Bg4 Ng7 21. Qf4 Qa7 22. Bc7 Ra8 23. Be5 Rad8 24. Bc7 Ra8 25. Be5 Rad8 1/2-1/2

[Event "Plzen op 10th"]
[Site "Plzen"]
[Date "2018.11.21"]
[Round "4"]
[White "Duzy, Stefan"]
[Black "Barbier, Astrid"]
[Result "1/2-1/2"]
[WhiteElo "2024"]
[BlackElo "1931"]
[PlyCount "31"]
[EventDate "2018.11.18"]
[EventType "swiss"]
[EventRounds "9"]
[EventCountry "CZE"]
[SourceTitle "CBM 189 Extra"]
[Source "ChessBase"]
[SourceDate "2019.06.03"]
[SourceVersion "1"]
[SourceVersionDate "2019.06.03"]
[SourceQuality "1"]

1. e4 c5 2. Nf3 g6 3. d4 cxd4 4. Nxd4 Nc6 5. Nc3 Bg7 6. Be3 Nf6 7. Bc4 0-0 8. Bb3 a5 9. 0-0 d6 10. h3 Nd7 11. Bxf7+ Rxf7 12. Ne6 Qe8 13. Nc7 Qd8 14. Ne6 Qe8 15. Nc7 Qd8 16. Ne6 1/2-1/2

[Event "Korbach op 9th"]
[Site "Korbach"]
[Date "2017.10.19"]
[Round "1"]
[White "Mohammadi, Sholeh"]
[Black "Duzy, Stefan"]
[Result "0-1"]
[WhiteElo "1190"]
[BlackElo "1935"]
[PlyCount "50"]
[EventDate "2017.10.19"]
[EventType "swiss"]
[EventRounds "7"]
[EventCountry "GER"]
[SourceTitle "CBM 181 Extra"]
[Source "ChessBase"]
[SourceDate "2017.12.12"]
[SourceVersion "1"]
[SourceVersionDate "2017.12.12"]
[SourceQuality "1"]

1. c4 Nf6 2. Nf3 g6 3. d4 Bg7 4. e3 0-0 5. Be2 d6 6. 0-0 Nbd7 7. Qd3 e5 8. Nc3 Re8 9. e4 exd4 10. Nxd4 Nc5 11. Qd1 Nfxe4 12. Nxe4 Nxe4 13. Bf3 Ng5 14. Bd5 Ne6 15. Nf3 c6 16. Bxe6 Bxe6 17. Nd2 Qh4 18. Qc2 Be5 19. g3 Qh3 20. Nf3 Bf5 21. Qb3 Be4 22. Re1 Bxf3 23. Qxf3 Bxg3 24. Rxe8+ Rxe8 25. fxg3 Re1+ 0-1

[Event "Leipzig VfB op 20th"]
[Site "Leipzig"]
[Date "2013.03.09"]
[Round "7"]
[White "Duzy, Stefan"]
[Black "Engelmann, Uwe"]
[Result "1-0"]
[WhiteElo "1961"]
[BlackElo "1810"]
[PlyCount "35"]
[EventDate "2013.03.05"]
[EventType "swiss"]
[EventRounds "9"]
[EventCountry "GER"]
[SourceTitle "EXT 2014"]
[Source "ChessBase"]
[SourceDate "2013.11.20"]
[SourceVersion "1"]
[SourceVersionDate "2013.11.20"]
[SourceQuality "1"]

1. e4 e5 2. f4 exf4 3. Nc3 Qh4+ 4. Ke2 Bc5 5. d4 b6 6. dxc5 Ba6+ 7. Kd2 Qf2+ 8. Nge2 Nf6 9. Qe1 Qe3+ 10. Kd1 Qxc5 11. Nxf4 Ng4 12. Nh3 0-0 13. Bxa6 Nxa6 14. Qe2 Qh5 15. Rf1 Nc5 16. Nf4 Qe5 17. Qxg4 Nxe4 18. Nxe4 1-0

[Event "Leipzig VfB op 20th"]
[Site "Leipzig"]
[Date "2013.03.09"]
[Round "8"]
[White "Klaus, Christian"]
[Black "Duzy, Stefan"]
[Result "1-0"]
[WhiteElo "2091"]
[BlackElo "1961"]
[PlyCount "63"]
[EventDate "2013.03.05"]
[EventType "swiss"]
[EventRounds "9"]
[EventCountry "GER"]
[SourceTitle "EXT 2014"]
[Source "ChessBase"]
[SourceDate "2013.11.20"]
[SourceVersion "1"]
[SourceVersionDate "2013.11.20"]
[SourceQuality "1"]

1. e4 e6 2. d4 c5 3. c3 d5 4. e5 Nc6 5. Nf3 Nge7 6. a3 cxd4 7. cxd4 Qb6 8. b4 Nf5 9. Bb2 a5 10. Qa4 Bd7 11. b5 Na7 12. Nc3 Be7 13. Bd3 Nh4 14. Nxh4 Bxh4 15. 0-0 Qd8 16. f4 f5 17. Qd1 0-0 18. g4 g6 19. Qf3 Be8 20. Kh1 Be7 21. Rg1 Kh8 22. gxf5 gxf5 23. Qh3 Bf7 24. Na4 Rg8 25. Rxg8+ Bxg8 26. Rg1 Qf8 27. Nc5 b6 28. Nd7 Qd8 29. Qh6 Bf8 30. Rxg8+ Kxg8 31. Nf6+ Kf7 32. Qh5+ 1-0

[Event "Pfalz op 03rd"]
[Site "Neustadt an der Weinstrasse"]
[Date "2012.03.03"]
[Round "7"]
[White "Koch, Markus"]
[Black "Duzy, Stefan"]
[Result "1/2-1/2"]
[WhiteElo "2104"]
[BlackElo "1944"]
[PlyCount "83"]
[EventDate "2012.02.17"]
[EventType "swiss"]
[EventRounds "9"]
[EventCountry "GER"]
[SourceTitle "EXT 2013"]
[Source "ChessBase"]
[SourceDate "2012.11.22"]
[SourceVersion "1"]
[SourceVersionDate "2012.11.22"]
[SourceQuality "1"]

1. d4 Nf6 2. c4 e6 3. Nc3 c5 4. d5 exd5 5. cxd5 d6 6. g3 g6 7. Bg2 Bg7 8. Nf3 0-0 9. 0-0 a6 10. a4 Re8 11. h3 Ne4 12. Nxe4 Rxe4 13. Nd2 Re8 14. Nc4 Qc7 15. Bf4 Bf8 16. Qd2 Nd7 17. e4 Rb8 18. a5 b5 19. axb6 Nxb6 20. Qa5 Qd8 21. b3 Nxc4 22. bxc4 Qxa5 23. Rxa5 Rb4 24. Rc1 h6 25. h4 f6 26. Bd2 Rb3 27. Raa1 Re7 28. Bc3 Kf7 29. Bf3 Rb8 30. g4 Ra7 31. Kg2 Be7 32. Bd2 Bf8 33. Ra5 Rb6 34. Be3 Rab7 35. g5 hxg5 36. hxg5 fxg5 37. e5 dxe5 38. d6 Bxd6 39. Bd5+ Kf6 40. Rh1 Rc7 41. Rh8 Kg7 42. Re8 1/2-1/2

[Event "GER-chT U20"]
[Site "Osnabrueck"]
[Date "2011.12.27"]
[Round "1.3"]
[White "Duzy, Stefan"]
[Black "Zeldin, Leonid"]
[Result "1/2-1/2"]
[WhiteElo "1824"]
[BlackElo "2023"]
[PlyCount "80"]
[EventDate "2011.12.27"]
[EventType "team-swiss"]
[EventRounds "7"]
[EventCountry "GER"]
[SourceTitle "CBM 146 Extra"]
[Source "ChessBase"]
[SourceDate "2012.02.29"]
[SourceVersion "1"]
[SourceVersionDate "2012.02.29"]
[SourceQuality "1"]
[WhiteTeam "Erfurt"]
[BlackTeam "Bochum 31"]
[WhiteTeamCountry "GER"]
[BlackTeamCountry "GER"]

1. Nf3 Nf6 2. c4 e6 3. g3 d5 4. Bg2 Be7 5. 0-0 0-0 6. d4 c5 7. cxd5 Nxd5 8. Nc3 Nc6 9. Nxd5 exd5 10. Be3 c4 11. Ne5 Bf5 12. Nxc6 bxc6 13. Bd2 Qb6 14. Bc3 Bb4 15. f3 Rfe8 16. Qd2 Bxc3 17. bxc3 c5 18. e4 dxe4 19. fxe4 Bxe4 20. Bxe4 Rxe4 21. Qf2 Qe6 22. Rae1 f6 23. dxc5 Rd8 24. Rxe4 Qxe4 25. Qf4 Qd5 26. Qc7 Qd2 27. Qe7 Qd7 28. Qxd7 Rxd7 29. Rf4 Rc7 30. Rxc4 Kf7 31. Kf2 Ke6 32. Ke3 Kd5 33. Kd3 Rxc5 34. Rd4+ Kc6 35. Kc2 Rd5 36. Rc4+ Rc5 37. Rd4 Rf5 38. Rc4+ Kb6 39. Rb4+ Ka6 40. Kd3 Rb5 1/2-1/2

[Event "Forchheim op 9th"]
[Site "Forchheim"]
[Date "2010.10.03"]
[Round "5"]
[White "Duzy, Stefan"]
[Black "Miller, Eduard"]
[Result "0-1"]
[WhiteElo "1949"]
[BlackElo "2110"]
[PlyCount "52"]
[EventDate "2010.10.01"]
[EventType "swiss"]
[EventRounds "5"]
[EventCountry "GER"]
[SourceTitle "CBM 138 Extra"]
[Source "ChessBase"]
[SourceDate "2010.10.29"]
[SourceVersion "1"]
[SourceVersionDate "2010.10.29"]
[SourceQuality "1"]

1. Nf3 c5 2. e4 Nc6 3. d4 cxd4 4. Nxd4 g6 5. Be2 Bg7 6. Nb3 d6 7. Nc3 Bxc3+ 8. bxc3 Nf6 9. Bf3 0-0 10. g4 Ne5 11. g5 Nxf3+ 12. Qxf3 Nh5 13. Nd4 e5 14. Ne2 f5 15. Ng3 fxe4 16. Qxe4 Nxg3 17. Qd5+ Kg7 18. hxg3 Qc7 19. Bb2 Bg4 20. f4 Qb6 21. Bc1 Rae8 22. Kf1 Be6 23. Qd2 Bc4+ 24. Kg2 exf4 25. Qd4+ Qxd4 26. cxd4 Bd5+ 0-1

[Event "Oberliga Ost-B 0910"]
[Site "Germany"]
[Date "2010.03.21"]
[Round "9.8"]
[White "Hankel, Dennis"]
[Black "Duzy, Stefan"]
[Result "1-0"]
[WhiteElo "2170"]
[BlackElo "1905"]
[PlyCount "57"]
[EventDate "2009.10.18"]
[EventType "team-tourn"]
[EventRounds "11"]
[EventCountry "GER"]
[SourceTitle "EXT 2011"]
[Source "ChessBase"]
[SourceDate "2010.11.26"]
[SourceVersion "1"]
[SourceVersionDate "2010.11.26"]
[SourceQuality "1"]
[WhiteTeam "Neuberg"]
[BlackTeam "Erfurt SK II"]
[WhiteTeamCountry "GER"]
[BlackTeamCountry "GER"]

1. d4 Nf6 2. c4 c5 3. d5 e6 4. Nc3 exd5 5. cxd5 d6 6. Nf3 g6 7. h3 Bg7 8. e4 0-0 9. Bd3 b5 10. Nxb5 Re8 11. 0-0 Nxe4 12. Re1 Nf6 13. Rxe8+ Nxe8 14. Qb3 Nd7 15. Bf4 Rb8 16. Qc2 a6 17. Nc3 Nb6 18. Re1 Bb7 19. Qe2 Nc7 20. Ne4 Nbxd5 21. Bxd6 f5 22. Bxc7 Nxc7 23. Bc4+ Kh8 24. Neg5 Bd5 25. Rd1 Bd4 26. Nxd4 Bxc4 27. Qe5+ Kg8 28. Qxc5 Bd5 29. Nde6 1-0

[Event "Oberliga Ost-B 0910"]
[Site "Germany"]
[Date "2009.11.15"]
[Round "3.8"]
[White "Escher, Helmut"]
[Black "Duzy, Stefan"]
[Result "1-0"]
[WhiteElo "2141"]
[BlackElo "1921"]
[PlyCount "117"]
[EventDate "2009.10.18"]
[EventType "team-tourn"]
[EventRounds "11"]
[EventCountry "GER"]
[SourceTitle "EXT 2011"]
[Source "ChessBase"]
[SourceDate "2010.11.26"]
[SourceVersion "1"]
[SourceVersionDate "2010.11.26"]
[SourceQuality "1"]
[WhiteTeam "Oberursel"]
[BlackTeam "Erfurt SK II"]
[WhiteTeamCountry "GER"]
[BlackTeamCountry "GER"]

1. Nf3 Nf6 2. d4 e6 3. c4 c5 4. Nc3 cxd4 5. Nxd4 a6 6. Qb3 Bc5 7. e3 Qb6 8. Qxb6 Bxb6 9. Be2 d6 10. 0-0 Bd7 11. Bf3 Nc6 12. Nxc6 Bxc6 13. Bxc6+ bxc6 14. b3 0-0-0 15. Ba3 d5 16. Be7 Rd7 17. Bxf6 gxf6 18. cxd5 cxd5 19. Na4 Rd6 20. Rac1+ Kd7 21. Nxb6+ Rxb6 22. Rc5 Rc8 23. Rfc1 Rxc5 24. Rxc5 Rd6 25. Kf1 f5 26. Ke2 e5 27. g3 f6 28. Kd3 d4 29. exd4 Rxd4+ 30. Ke2 Re4+ 31. Kf3 Rd4 32. Ra5 Rd6 33. Ke3 Ke6 34. Rc5 f4+ 35. gxf4 exf4+ 36. Kxf4 Rd2 37. Rc6+ Kd5 38. Rxa6 Rxf2+ 39. Kg3 Rb2 40. h4 Ke4 41. Rxf6 Rxa2 42. Kg4 Rg2+ 43. Kh5 Rb2 44. Rb6 Kf5 45. Rb8 Kf6 46. Kh6 Kf5 47. h5 Rh2 48. Rb5+ Ke4 49. Kxh7 Rg2 50. h6 Kd3 51. Rb7 Kc3 52. Kh8 Rg6 53. h7 Rg5 54. Rg7 Rd5 55. Rg3+ Kb4 56. Kg7 Rd7+ 57. Kh6 Rd6+ 58. Kh5 Rd1 59. Rg4+ 1-0